| 000 | 00837aam a2200277 4500 | ||
|---|---|---|---|
| 005 | 20250701121927.0 | ||
| 008 | 150608b2009 xxu||||| |||| 00| 0 spa d | ||
| 041 | _aESP | ||
| 082 | _a005.54 M357m | ||
| 100 | _aMarques, Felicidad | ||
| 245 | _aModelos para la economía y la empresa a través de Excel | ||
| 260 |
_aMéxico _bAlfaomega _c2010 |
||
| 300 | _a240 páginas | ||
| 490 | _aDirección y Administración de Empresas | ||
| 490 | _aSecretariado Ejecutivo | ||
| 490 | _aTecnologías de la Información | ||
| 650 | _aEXCEL | ||
| 650 | _aGRÁFICOS POR COMPUTADORA | ||
| 650 | _aECONOMÍA | ||
| 650 | _aPREDICCIÓN ECONÓMICA | ||
| 650 | _aMODELOS PARA PREDICCIONES | ||
| 650 | _aINCONDICIONALES DETERMINISTAS | ||
| 650 | _aPREDICCIONES CONDICIONALES | ||
| 650 | _aPROBABILISTICOS DISCRETOS | ||
| 942 |
_cBK _2ddc |
||
| 999 |
_c2719 _d2719 |
||